| 000 | 00521nam a2200181 a 4500 | ||
|---|---|---|---|
| 005 | 20220816063852.0 | ||
| 008 | 991125s1974 mx 000 0 spa u | ||
| 035 | _aUPN01000032225 | ||
| 049 | _aCG | ||
| 050 | 4 |
_aP121 _bS4.58 |
|
| 100 | 1 | _aSlobin, Dan I. | |
| 245 | 1 | 0 |
_aIntroducción a la psicolingüística / _cDan I. Slobin ; tr. Gladys Anfora de Ford. |
| 260 |
_aMéxico : _bPaidós, _c1974. |
||
| 300 | _a165 p. | ||
| 440 | 0 |
_aPaidós studio básica ; _v17 |
|
| 650 | 7 |
_aPsicolingüística _2 _9109 |
|
| 905 | _aLibro | ||
| 999 |
_c32225 _d32225 |
||